A short introduction to the history and politics of Southeast Asia / (Record no. 27205)
[ view plain ]
| 000 -LEADER | |
|---|---|
| fixed length control field | 00804cam a2200253 4500 |
| 001 - CONTROL NUMBER | |
| control field | 27205 |
| 003 - CONTROL NUMBER IDENTIFIER | |
| rucl marc code | BD-RjUL |
| 005 - DATE AND TIME OF LATEST TRANSACTION | |
| control field | 20211209051127.0 |
| 008 - FIXED-LENGTH DATA ELEMENTS--GENERAL INFORMATION | |
| fixed length control field | 140324s1970 nyub b 001 0 eng d |
| 035 ## - SYSTEM CONTROL NUMBER | |
| System control number | (BD-RjUL)27277 |
| 040 ## - CATALOGING SOURCE | |
| Original cataloging agency | DLC |
| Transcribing agency | DLC |
| Modifying agency | DLC |
| -- | BD-RjUL |
| Language of cataloging | eng |
| 041 ## - LANGUAGE CODE | |
| Language code of text/sound track or separate title | eng |
| 082 00 - DEWEY DECIMAL CLASSIFICATION NUMBER | |
| Classification number | 959 |
| Author mark and year | ALS 1970 |
| 100 1# - MAIN ENTRY--PERSONAL NAME | |
| Personal name | Allen, Richard, |
| Dates associated with a name | 1903- |
| 9 (RLIN) | 83494 |
| 245 12 - TITLE STATEMENT | |
| Title | A short introduction to the history and politics of Southeast Asia / |
| Statement of responsibility, etc. | by Richard Allen. |
| 260 ## - PUBLICATION, DISTRIBUTION, ETC. (IMPRINT) | |
| Place of publication, distribution, etc. | New York : |
| Name of publisher, distributor, etc. | Oxford University Press, |
| Date of publication, distribution, etc. | 1970. |
| 300 ## - PHYSICAL DESCRIPTION | |
| Pagination | x, 306 p. : |
| Illustrations | ill. ; |
| Size | 22 cm. |
| 350 ## - PRICE (NR) (BK AM CF MU VM SE) [OBSOLETE] | |
| Price | 6.50 |
| 504 ## - BIBLIOGRAPHY, ETC. NOTE | |
| Bibliography, etc | "Short bibliography": p. 248-272. and Index |
| 651 #0 - SUBJECT ADDED ENTRY--GEOGRAPHIC NAME | |
| Geographic name | Southeast Asia |
| General subdivision | History. |
| 9 (RLIN) | 14114 |
| Geographic name | Southeast Asia |
| General subdivision | Politics and government. |
| 9 (RLIN) | 83495 |
| 942 ## - ADDED ENTRY ELEMENTS (KOHA) | |
| Source of classification or shelving scheme | Dewey Decimal Classification |
| Koha item type | Books |
| Lost status | Source of classification or shelving scheme | Damaged status | Not for loan | Collection code | Permanent Location | Current Location | Shelving location | Date acquired | Source of acquisition | Cost, normal purchase price | Total Checkouts | Full call number | Date last seen | Copy number | Koha item type | Date checked out |
|---|---|---|---|---|---|---|---|---|---|---|---|---|---|---|---|---|
| Dewey Decimal Classification | Non-fiction | Central Library, University of Rajshahi | Central Library, University of Rajshahi | 02/06/1975 | Jonathan wren & co. | 1.10 | 959 ALS 1970 | 24/03/2014 | C-4 | Books | ||||||
| Dewey Decimal Classification | Non-fiction | Central Library, University of Rajshahi | Central Library, University of Rajshahi | 29/01/1973 | Oxford university press | 24.20 | 959 ALS 1970 | 09/11/2016 | C-2 | Books | ||||||
| Dewey Decimal Classification | Non-fiction | Central Library, University of Rajshahi | Central Library, University of Rajshahi | 29/01/1973 | Oxford university press | 24.20 | 1 | 959 ALS 1970 | 13/12/2017 | C-3 | Books | 10/12/2017 | ||||
| Dewey Decimal Classification | Not For Loan | Non-fiction | Central Library, University of Rajshahi | Central Library, University of Rajshahi | Reading Room | 30/07/1979 | Helfers | 2.90 | 959 ALS 1970 | 23/02/2017 | C-1 | Books |